Detalles MARC
| 000 -LÍDER |
| Campo fijo de descripción fija |
01932aam a2200337 i 4500 |
| 001 - NÚMERO DE CONTROL |
| Campo de control |
768714001 |
| 003 - IDENTIFICADOR DEL NÚMERO DE CONTROL |
| Campo de control |
CO-MdFUSB |
| 005 - FECHA Y HORA DE LA ULTIMA TRANSACCIÓN |
| control field |
20241022160745.0 |
| 007 - CAMPO FIJO DE DESCRIPCIÓN FIJA--INFORMACIÓN GENERAL |
| Campo fijo de descripción fija |
ta |
| 008 - ELEMENTOS DE LONGITUD FIJA -- INFORMACIÓN GENERAL |
| Campo fijo de descripción fija -- Información general |
241021t ck ||||| |||| 00| 0 spa d |
| 020 ## - NÚMERO INTERNACIONAL NORMALIZADO PARA LIBROS |
| Número Internacional Normalizado del libro |
[No incluye ISBN] |
| 040 ## - FUENTE DE CATALOGACIÓN |
| Idioma de catalogación |
spa |
| Agencia que realiza la transcripción |
CO-MdFUSB |
| Agencia que realiza la modificación |
CO-MdFUSB |
| 041 0# - CÓDIGO DE IDIOMA |
| Código de idioma para texto/pista de sonido o título separado |
spa |
| 082 04 - NÚMERO DE CLASIFICACIÓN DECIMAL DEWEY |
| Número de clasificación |
864.861 |
| Número de la edición del Dewey |
23 |
| Clave de autor-Numero de item |
G216 |
| 100 1# - ASIENTO PRINCIPAL--NOMBRE PERSONAL |
| Nombre personal |
García Márquez, Gabriel (1928-) |
| Término relacionador |
autor |
| 245 #3 - TÍTULO |
| Título del Material |
La soledad de América Latina |
| Parte restante del título - Subtitulo |
/ Gabriel García Márquez |
| 246 ## - FORMA VARIANTE DEL TITULO |
| Parte restante del título |
Brindis por la poesía |
| 264 #3 - PRODUCCIÓN, PUBLICACIÓN, DISTRIBUCIÓN, MANUFACTURA, Y COPYRIGHT |
| Nombre del productor, publicador, distribuidor |
Corporación Editorial Universitaria de Colombia |
| Lugar de producción, publicación, distribución, manufactura |
Cali, Colombia : |
| Fecha de producción, publicación, distribución, manufactura, o copyright |
[1983] |
| 300 ## - DESCRIPCIÓN FÍSICA |
| Extensión |
78 páginas |
| Dimensiones |
; 18 cm. |
| 336 ## - TIPO DE CONTENIDO |
| Fuente |
rdacontent |
| Término de tipo de contenido |
texto |
| Código de tipo de contenido |
txt |
| 337 ## - TIPO DE MEDIO |
| Fuente |
rdamedia |
| Nombre del tipo de medio |
sin mediación |
| Código del tipo de medio |
n |
| 338 ## - TIPO DE SOPORTE |
| Fuente |
rdacarrier |
| Nombre del tipo de soporte |
volumen |
| Código Tipo de soporte |
nc |
| 500 ## - NOTA GENERAL |
| Nota General |
La soledad de América Latina (Conferencia Nobel 1982) Gabriel García Márquez. |
| 505 ## - NOTA DE CONTENIDO |
| Nota de contenido con formato preestablecido |
La Soledad de América Latina / Gabriel García Márquez.-- Brindis por la Poesía / Gabriel García Márquez.-- Discurso de ofrecimiento del Nobel / Lars Gyllensten.-- Gabriel García Márquez.-- Lars Gyllensten.-- La soledad del Nobel / Fernando Cruz Kronfly.-- Entrevista con Arthur Lundkvist / Eligio García.-- Alfredo Nobel y los Premios Nobel / Nils K. Stahle. |
| 520 ## - NOTA DE RESUMEN, ETC. |
| Nota de sumario, etc. |
Gabriel García Márquez, ganador del Nobel de Literatura en 1982, en su discurso “La soledad de América Latina”, explora las particularidades de la realidad latinoamericana, que a menudo se perciben como fantasía por quienes no la comparten. Argumenta que esta visión única nos aísla, llevando a una sensación de soledad. Concluye valorando la poesía como la esencia del ser humano, destacando su capacidad para sentir, soñar y desafiar lo improbable, lo que refleja una profunda creencia en la humanidad. |
| 563 ## - NOTA DE ENCUADERNACIÓN |
| Nota de encuadernación |
Rústica |
| 650 #7 - ASIENTO SECUNDARIO DE MATERIA - TERMINO TEMÁTICO |
| Término temático o nombre geográfico como elemento de entrada |
Oratoria |
| 9 (RLIN) |
103 |
| 650 #7 - ASIENTO SECUNDARIO DE MATERIA - TERMINO TEMÁTICO |
| Término temático o nombre geográfico como elemento de entrada |
Literatura colombiana |
| Fuente del encabezamiento o término |
embne |
| 9 (RLIN) |
2518 |
| 942 ## - TIPO DE MATERIAL (KOHA) |
| Tipo de Item KOHA |
Libros General |
| 945 ## - INFORMACIÓN LOCAL DEL REGISTRO |
| Catalogador |
Catherine Arias Alvarez |